Diseño de interiores : (Registro nro. 21953)
[ vista simple ]
| 000 -Cabecera | |
|---|---|
| Campo de control interno | 00903nam a2200265Ia 4500 |
| 005 - Fecha y hora del registro | |
| control field | 20260320113328.0 |
| 008 - Elementos de Longitud Fija | |
| fixed length control field | 260320s9999||||xx |||||||||||||| ||und|| |
| 020 ## - ISBN | |
| ISBN | 9788425227905 |
| 041 ## - Idioma | |
| Codigo Idioma | ESP |
| 082 ## - DEWEY y NOTACIÓN INTERNA | |
| Dewey | 729 |
| Notación Interna | CH554D |
| 100 ## - AUTOR | |
| Autor denominación | Ching, Francis D. K., |
| Término de relación | autor |
| 245 #0 - TÍTULO DE MATERIAL BIBLIOGRÁFICO | |
| Título | Diseño de interiores : |
| Título paralelo | un manual |
| 246 ## - TÍTULO TRADUCIDO | |
| Título | |
| Título paralelo | |
| Autor | |
| 250 ## - EDICIÓN | |
| Edición | Segunda edición ampliada y revisada |
| 260 ## - CIUDAD, EDITORIAL, AÑO | |
| Ciudad | Barcelona : |
| Nombre de la Editorial | Gustavo Gili, |
| Año | 2015 |
| 300 ## - DESCRIPCIÓN | |
| N° Páginas | vi, 365 páginas : |
| Otros detalles | figuras, planos ; |
| Dimensiones | 30 cm. |
| Material Adicional | |
| 440 ## - MENCIÓN DE SERIE | |
| Título de la Serie | |
| Número de Serie | |
| Volumen de Serie | |
| 650 ## - TEMAS | |
| Temas | Las Artes |
| 653 ## - DESCRIPTORES | |
| Lenguajes no controlado | Arquitectura; Diseño y decoración de estructuras; Diseño de interiores |
| 654 ## - PROGRAMAS | |
| Programa | Dpto. Arquitectura y Urbanismo |
| 700 ## - OTROS AUTORES | |
| Otros autores | Binggeli, Corky, |
| Títulos y otras palabras asociadas con el nombre | autor |
| 856 ## - URL - UBICACIÓN | |
| URI/URL: Enlace exacto del recurso | <a href="https://www-architectureopenlibrary-com.ucsp.lookproxy.com/eng/libro/437-0-WOOD_INTERIORS">https://www-architectureopenlibrary-com.ucsp.lookproxy.com/eng/libro/437-0-WOOD_INTERIORS</a> |
| Nota pública: Versión digital | <a href="Véase además: Base de datos Architecture Open Library">Véase además: Base de datos Architecture Open Library</a> |
| 942 ## - ELEMENTOS DE KOHA | |
| Tipo de documento | Libro |
| Nombre del creador | Justo Noguera |
| Código de catalogador | Tania Ramirez |
| Esquema de clasificación | Dewey Decimal Classification |
| Suppress in OPAC | |
| Codigo completo | Registro | Colección | Copia número | Disponibilidad | Tipo de préstamo | Biblioteca Actual | Procedencia (Biblioteca) | Ubicacón | Fecha Ingreso | Tipo de Adquisición | Observación | Date last seen | Total checkouts | Date last checked out | Price effective from | Tipo de Item | Estado del Material | Fuente de Clasificación | Damaged status | Withdrawn status |
|---|---|---|---|---|---|---|---|---|---|---|---|---|---|---|---|---|---|---|---|---|
| 729 CH554D | 1086517 | Universidad Católica San Pablo | 1 | Disponible | Disponible | Víctor Andrés Belaunde | Víctor Andrés Belaunde | Segundo piso | 10/03/2026 | Compra | Arquitectura | 09/04/2026 | 1 | 09/04/2026 | 20/03/2026 | Libro | Bueno | Dewey Decimal Classification |




